01359 2200541 4500001002100000005001500021035002000036245007900056100001700135250000600152300003500158700001700193260003600210082001000246084001600256020002200272650001300294990001700307990001700324990001700341990001700358990001700375990001700392990001700409990001700426990001700443990001700460990001700477990001700494990001700511990001700528990001700545990001700562990001700579990001700596990001700613990001700630990001700647990001700664990001700681990001700698990001700715990001700732990001700749990001700766990001700783990001700800INLIS00000000000004320180801123435 a0010-08180000071 aMukjizat Nabi- NAbi dalam Al- Qur'an /cAris Rachman; Editor, Suryaningsih0 aAris Rachman a- aiv, 76 hlm. :bilus. ;c21 cm.0 aSuryaningsih aJakarta :bCV Megah Jaya,c2009 a226.7 a226.7 ARI m a978-602-8382-24-3 aMukjizat a00176/P/2018 a00177/P/2018 a00178/P/2018 a00179/P/2018 a00180/P/2018 a00176/P/2018 a00177/P/2018 a00178/P/2018 a00179/P/2018 a00180/P/2018 a00177/P/2018 a00176/P/2018 a00178/P/2018 a00179/P/2018 a00180/P/2018 a00178/P/2018 a00176/P/2018 a00177/P/2018 a00179/P/2018 a00180/P/2018 a00179/P/2018 a00176/P/2018 a00177/P/2018 a00178/P/2018 a00180/P/2018 a00180/P/2018 a00176/P/2018 a00177/P/2018 a00178/P/2018 a00179/P/2018